000 00248nam a22001097a 4500
040 _cRUA
082 _aNAN JUN 1989 C217 Or.
245 _aGLIRICIDIA: PRODUCTION AND USE.
260 _aphnom penh
_brua
_c1989
300 _av.43p.
_bill.
942 _cREC
999 _c22577
_d22577